000 00995nam a22001817a 4500
003 OSt
005 20251224173643.0
008 251223b |||||||| |||| 00| 0 eng d
020 _a0000000000000
040 _cWesley Powell Learning Resource Center
100 _aWesley Powell Learning Resource Center-Complier
245 _aAston Wesley Powell Image Collection-1930s to 1970s
260 _aKingston, Jamaica:
_bWesley Powell Learning Resource Center,
_c2025
300 _a1 digital collection comprising several different images
520 _aA collection of digitized photographs documentating the history of Excelsior Education Center. This collection specifically contains black and whites of the early beginnings of the founder Aston Wesley Powell's work in developing the pre-primary, primary, high school and community college institutions. This collection is on-going as more images will be added.
650 _2Aston Wesley Powell, Excelsior High School,
942 _2ddc
_cDIGIMG
999 _c20500
_d20498